Top 10 Best Dutch Footballers of All Time - Statistics

General Stats
  • This quiz has been taken 436 times
  • The average score is 7 of 10
Answer Stats
Pos. No. Player % Correct
1. Johan Cruyff
94%
5. Marco van Basten
86%
7. Ruud Gullit
80%
4. Robin van Persie
77%
2. Arjen Robben
72%
9. Edwin van der Sar
61%
3. Dennis Bergkamp
58%
8. Wesley Sneijder
57%
10. Ronald Koeman
56%
6. Ruud van Nistelrooy
52%
No matching quizzes found
Score Distribution
Percent of People with Each Score
Percentile by Number Answered
Your Score History
You have not taken this quiz